000 00402nam a2200133Ia 4500
008 100328s9999 xx 000 0 und d
082 _b17476
100 _aपंडित प्रकाश
245 _aफैज अहमद फैज
260 _bशिक्षा भारती
630 _aफैज अहमद फैज
730 _aफैज अहमद फैज
942 _cBOOK
999 _c512047
_d512044